| 000 | 00554nam a2200169 i 4500 | ||
|---|---|---|---|
| 001 | 71003 | ||
| 003 | ES-MaACL | ||
| 005 | 20230906171005.0 | ||
| 007 | t| | ||
| 008 | 040804s1928 sp ||||1| spa d | ||
| 100 | 1 |
_aGascón y Miramón, Antonio. _955868 |
|
| 245 | 1 | 4 |
_aLos "pools" canadienses y la venta cooperativa de trigos / _cAntonio Gascón y Miramón. |
| 260 |
_aMadrid : _bMinisterio de Educación Nacional, _c1928. |
||
| 300 |
_a80 p. ; _c23 cm. |
||
| 710 | 1 |
_aEspaña. _bMinisterio de Economía Nacional. _93854 |
|
| 852 |
_aES-MaACL _j1728-F-13 |
||
| 999 |
_c71003 _d71003 |
||